000 00909nam a22002537a 4500
999 _c4158
_d4158
003 AR-CdUCM
008 190308b ||||| |||| 00| 0 spa d
040 _aMUNICIPALIDAD PROVINCIAL DEL CUSCO
_cBIBLIOTECA MUNICIPAL DEL CUSCO
041 _heng
082 _a791.388
_bC75
100 _aCoombs, Charles I.
_913173
245 _aVentana al mundo :
_bcomo se producen los programas de televisión /
260 _aMexico :
_bUteha,
_c1965.
300 _a122 páginas ;
_bfotografías.
_c26 cm.
440 _aManuales Uteha - Tecnología 6
_n362
_913174
505 _aLa ventana mágica -- Todo comienza con una idea -- El equipo de producción -- El estudio cinematográfico...
650 _aLuces.
_913175
650 _aCámara.
_913128
650 _aVentana mágica.
_913176
650 _aCine.
_913177
700 _aBarceña, Agustin (traductor)
_98867
942 _2ddc
_cLIBROS
945 _awfj
_d2019-03-08